Diplomatic divide / (Record no. 15404)

000 -LEADER
fixed length control field 01056cam a2200325 a 4500
001 - CONTROL NUMBER
control field 13628169
005 - DATE AND TIME OF LATEST TRANSACTION
control field 20170105102917.0
008 - FIXED-LENGTH DATA ELEMENTS--GENERAL INFORMATION
fixed length control field 040504s2004 ii 000 0 eng
010 ## - LIBRARY OF CONGRESS CONTROL NUMBER
LC control number 2004326668
020 ## - INTERNATIONAL STANDARD BOOK NUMBER
International Standard Book Number 8174363092
025 ## - OVERSEAS ACQUISITION NUMBER
Overseas acquisition number I-E-2004-326668; 63-91; 63-09
035 ## - SYSTEM CONTROL NUMBER
System control number (DLC) 2004326668
037 ## - SOURCE OF ACQUISITION
Source of stock number/acquisition Library of Congress -- New Delhi Overseas Office
Terms of availability Rs225.00
040 ## - CATALOGING SOURCE
Original cataloging agency DLC
Transcribing agency DLC
042 ## - AUTHENTICATION CODE
Authentication code lcode
043 ## - GEOGRAPHIC AREA CODE
Geographic area code a-ii---
-- a-pk---
050 00 - LIBRARY OF CONGRESS CALL NUMBER
Classification number DS385.5.I4
Item number K47 2004
100 1# - MAIN ENTRY--PERSONAL NAME
Personal name Khan, Humayun,
Titles and words associated with a name Dr.
245 10 - TITLE STATEMENT
Title Diplomatic divide /
Statement of responsibility, etc. Humayun Khan, G. Parthasarathy ; series editor, David Page.
260 ## - PUBLICATION, DISTRIBUTION, ETC.
Place of publication, distribution, etc. New Delhi :
Name of publisher, distributor, etc. Lotus Collection,
Date of publication, distribution, etc. 2004.
300 ## - PHYSICAL DESCRIPTION
Extent 138 p. ;
Dimensions 23 cm.
490 1# - SERIES STATEMENT
Series statement Cross-border talks
651 #0 - SUBJECT ADDED ENTRY--GEOGRAPHIC NAME
Geographic name Pakistan
General subdivision Foreign relations
Geographic subdivision India.
651 #0 - SUBJECT ADDED ENTRY--GEOGRAPHIC NAME
Geographic name India
General subdivision Foreign relations
Geographic subdivision Pakistan.
700 1# - ADDED ENTRY--PERSONAL NAME
Personal name Parthasarathy, G.
Fuller form of name (Gopalaswami)
830 #0 - SERIES ADDED ENTRY--UNIFORM TITLE
Uniform title Cross-border talks (Series)
906 ## - LOCAL DATA ELEMENT F, LDF (RLIN)
a 7
b cbc
c origode
d 2
e ncip
f 20
g y-gencatlg
942 ## - ADDED ENTRY ELEMENTS (KOHA)
Source of classification or shelving scheme
Koha item type Book
Holdings
Withdrawn status Lost status Damaged status Not for loan Collection code Permanent Location Current Location Shelving location Date acquired Total Checkouts Full call number Barcode Date last seen Price effective from Koha item type
          Centre for International Peace & Stability (CIPS) Centre for International Peace & Stability (CIPS) General Stacks 10/02/2013   327.5405491 KHA 2004 CIPS0001742 12/02/2013 12/02/2013 Book
© 2023 Central Library, National University of Sciences and Technology. All Rights Reserved.